Songs by Artist Click Quiz #7 - Statistics

General Stats
  • This quiz has been taken 192 times
  • The average score is 19 of 30
Answer Stats
Hint Answer % Correct
Material Girl Madonna
92%
Roar Katy Perry
90%
Lose Yourself Eminem
87%
Teenage Dream Katy Perry
86%
Stan Eminem
85%
Last Friday Night (T.G.I.F.) Katy Perry
80%
I Want to Hold Your Hand The Beatles
79%
Love the Way You Lie Eminem
76%
Chop Suey! System of a Down
75%
With a Little Help from My Friends The Beatles
75%
Papa Don't Preach Madonna
74%
Dark Horse Katy Perry
71%
Light My Fire The Doors
70%
Ob-La-Di, Ob-La-Da The Beatles
68%
Riders on the Storm The Doors
65%
Without Me Eminem
62%
Break On Through The Doors
62%
The Monster Eminem
60%
Helter Skelter The Beatles
59%
The One That Got Away Katy Perry
58%
Aerials System of a Down
56%
Get Back The Beatles
56%
People Are Strange The Doors
56%
Toxicity System of a Down
55%
B.Y.O.B. System of a Down
53%
Express Yourself Madonna
51%
Frozen Madonna
47%
Lonely Day System of a Down
45%
You Must Love Me Madonna
28%
Touch Me The Doors
19%
No matching quizzes found
Score Distribution
Percent of People with Each Score
Percentile by Number Answered
Your Score History
You have not taken this quiz